000 00478nmm a2200169Ia 4500
008 251105s9999||||xx |||||||||||||||||und||
020 _a9789681615444
041 _aspa
100 _aFrankl, Viktor Emil
245 0 _aPsicoterapia y humanismo
264 _a[México D.C., Mexico] :
_bFondo de Cultura Económica,
_c2016
300 _a220 páginas
490 _aBreviarios
650 _aPsychology
856 _uhttps://public.digitaliapublishing.com/a/43791
942 _cCF
999 _c96769
_d96769